Cities by Picture-Easy Mode - Statistics

General Stats
  • This quiz has been taken 23 times
  • The average score is 13 of 16
Answer Stats
Picture Answer % Correct
Cairo
100%
London
100%
Moscow
100%
New York
100%
Paris
100%
Rio de Janeiro
100%
Sydney
100%
Tokyo
100%
Venice
100%
Athens
86%
New Delhi
79%
Dubai
64%
Hong Kong
57%
Madrid
50%
Singapore
50%
Toronto
50%
No matching quizzes found
Score Distribution
Percent of People with Each Score
Percentile by Number Answered
Your Score History
You have not taken this quiz